Normale Ansicht
MARC-Ansicht
Eintrag Körperschaftsname
001 - Kontrollnummer
- Kontrollfeld: 68551
003 - Kontrollnummer Identifier
- Kontrollfeld:
005 - Datum und Zeit der letzten Transaktion
- Kontrollfeld: 20260223102900.0
008 - Datenelemente mit fester Länge
- Kontrollfeld mit fester Länge: 260223|| aca||aabn | a|a d
040 ## - Katalogisierungsquelle
- Original-Katalogisierungsstelle:
- Übertragungsstelle:
110 ## - Ansetzung - Körperschaftsname
- Körperschafts- oder Gebietskörperschaftsname als Eintragungselement: Federal'nyj issledovatel'skij centr južnyj naučnyj centr rossijskoj akademii nauk
670 ## - Datenquelle
- Quellenangabe: Work cat.: ()73776: edt Matišov, G. G. 68548, Nacional'no-gosudarstvennye preobrazovanija na kavkaze